Detalles MARC
| 000 -Cabecera |
| Campo de control de longitud fija |
01039atm a2200445 4500 |
| 005 - Fecha y hora de la última transacción |
| Campo de control |
20241007093835.0 |
| 008 - Elementos de longitud fija--Información general |
| Campo de control de longitud fija |
150511b2009 ch ||||| |||| 00| 0 spa d |
| 020 ## - International Standard Book Number |
| Número Internacional Estándar del Libro (ISBN) |
9783833151941 |
| 041 ## - Idioma |
| Código de idioma |
Español |
| 082 ## - Clasificación Decimal Dewey |
| Número de clasificación |
611 A881a |
| 245 ## - Título propiamente dicho |
| Título |
Atlas de anatomía |
| 260 ## - Pie de imprenta |
| Lugar de publicación, distribución, etc. |
España |
| 260 ## - Pie de imprenta |
| Nombre del editor, distribuidor, etc. |
H.F.Ullmann |
| 260 ## - Pie de imprenta |
| Fecha de publicación, distribución, etc. |
2009 |
| 300 ## - Descripción física |
| Extensión |
439 páginas |
| 300 ## - Descripción física |
| Otras características físicas |
Ilustraciones a color |
| 650 ## - Materia general |
| Temática (materia general) |
ANATOMÍA HUMANA |
| 650 ## - Materia general |
| Temática (materia general) |
PIEL |
| 650 ## - Materia general |
| Temática (materia general) |
MÚSCULOS |
| 650 ## - Materia general |
| Temática (materia general) |
HUESOS |
| 650 ## - Materia general |
| Temática (materia general) |
CRÁNEO |
| 650 ## - Materia general |
| Temática (materia general) |
ARTICULACIONES |
| 650 ## - Materia general |
| Temática (materia general) |
ENCÉFALO |
| 650 ## - Materia general |
| Temática (materia general) |
SISTEMA NERVIOSO |
| 650 ## - Materia general |
| Temática (materia general) |
OJO |
| 650 ## - Materia general |
| Temática (materia general) |
OÍDO |
| 650 ## - Materia general |
| Temática (materia general) |
ÓRGANOS DEL OLFATO |
| 650 ## - Materia general |
| Temática (materia general) |
ÓRGANOS DEL GUSTO |
| 650 ## - Materia general |
| Temática (materia general) |
VÍAS RESPIRATORIAS |
| 650 ## - Materia general |
| Temática (materia general) |
CORAZÓN |
| 650 ## - Materia general |
| Temática (materia general) |
SISTEMA LINFÁTICO |
| 650 ## - Materia general |
| Temática (materia general) |
BAZO |
| 650 ## - Materia general |
| Temática (materia general) |
SISTEMA DIGESTIVO |
| 650 ## - Materia general |
| Temática (materia general) |
RIÑONES |
| 650 ## - Materia general |
| Temática (materia general) |
VÍAS URINARIAS |
| 650 ## - Materia general |
| Temática (materia general) |
SISTEMA HORMONAL |
| 650 ## - Materia general |
| Temática (materia general) |
ÓRGANOS SEXUALES |
| 650 ## - Materia general |
| Temática (materia general) |
CÉLULA |
| 942 ## - Punto de acceso adicional KOHA |
| Tipo de ítem KOHA |
Libro |
| Fuente del sistema de clasificación o colocación |
Dewey Decimal Classification |